00625nam a2200205Ia 4500003000400000005001700004008004100021040000700062041000800069082001500077100002800092245003200120260004800152300000900200650002700209700002100236942001300257999001900270952013000289OSt20250823092609.0250729s2005 xx 000 0 und d cAL aeng a930.7 SRIM aSrinivas Murthi9221943 aMethods of teaching history aNew DelhibDiscovery Publishing Housec2005 a325p aSocial Studies9221944 aPrasad I9221945 2ddccBED c235237d235237 00104070aALbALd2025-07-29eSita Book Houseg185.00l0o930.7 SRIMpBED00556r2025-07-29 16:53:50v185.00w2025-07-29yBK